000 00625nam a22002057a 4500
999 _c1174
_d1174
003 AR-CdUCM
008 190226b ||||| |||| 00| 0 spa d
020 _a9681616634
040 _aMUNICIPALIDAD PROVINCIAL DEL CUSCO
_cBIBLIOTECA MUNICIPAL DEL CUSCO
082 _a869.1 /
_bH43
100 _aHernández, Efrén
_94609
245 _aLa paloma, el Sótano y la torre /
260 _aMéxico :
_bFondo de cultura económica,
_c1984.
300 _a192 páginas ;
_c21 cm.
440 _aLecturas mexicanas.
_n28
_94610
650 _aLiteratura mexicana
_92532
650 _aCuentos
_9217
942 _2ddc
_cLIBROS
945 _azta